Normal view MARC view

Entry Personal Name

Number of records used in: 1

001 - CONTROL NUMBER

  • control field: 9549

003 - CONTROL NUMBER IDENTIFIER

  • control field: DLC

005 - DATE AND TIME OF LATEST TRANSACTION

  • control field: 20230921114325.0

008 - FIXED-LENGTH DATA ELEMENTS

  • fixed length control field: 831205n| acannaabn |a aaa

010 ## - LIBRARY OF CONGRESS CONTROL NUMBER

  • LC control number: n 83233154
  • Canceled/invalid LC control number: n 87149178

035 ## - SYSTEM CONTROL NUMBER

  • System control number: (OCoLC)oca01036005

040 ## - CATALOGING SOURCE

  • Original cataloging agency: DLC
  • Language of cataloging: eng
  • Transcribing agency: DLC
  • Modifying agency: DLC
  • Modifying agency: OCoLC

100 1# - HEADING--PERSONAL NAME

  • Personal name: Shattock, Michael

400 1# - SEE FROM TRACING--PERSONAL NAME

  • Personal name: Shattock, M. L.
  • Fuller form of name: (Michael L.)

670 ## - SOURCE DATA FOUND

  • Source citation: The Structure & governance of higher educ., 1983:
  • Information found: t.p. (Michael Shattock) p. 9 (Univ. of Warwick)

670 ## - SOURCE DATA FOUND

  • Source citation: His The UGC and the management of British universities, 1994:
  • Information found: CIP t.p. (Michael Shattock) data sheet (b. 04-28-36)

670 ## - SOURCE DATA FOUND

  • Source citation: nuc87-125779: The Planning and administration ... 1973
  • Information found: (hdg. on IU rept.: Shattock, M. L.; usage: M.L. Shattock)

670 ## - SOURCE DATA FOUND

  • Source citation: Comm. univ. yrbk., 1996/97
  • Information found: (under Univ. of Warwick: Registrar: Shattock, M.L., OBE, MA Oxf)

Powered by Koha